00427 2200157 4500001002100000035002000021245007900041100001900120260004100139300002400180020002200204084001300226082000800239650001000247990001200257INLIS000000000002698 a0010-0925000045 aMenjadi Remaja Hebat: KIuat Karakterku, Dahsyat PrestasikucH. D. Iriyanto aH. D. Iriyanto aJakartabEsensi Erlangga Groupc2015 a149c(14,5 x 21 cm) a978-602-7596-87-0 a813 H. m a813 aFiksi a0754900